Properties of Concrete / (Record no. 16495)
[ view plain ]
| 000 -LEADER | |
|---|---|
| fixed length control field | 00847cam a22002538a 4500 |
| 001 - CONTROL NUMBER | |
| control field | 16814045 |
| 005 - DATE AND TIME OF LATEST TRANSACTION | |
| control field | 20120124110610.0 |
| 008 - FIXED-LENGTH DATA ELEMENTS--GENERAL INFORMATION | |
| fixed length control field | 110607s2011 nyu 000 0 eng |
| 020 ## - INTERNATIONAL STANDARD BOOK NUMBER | |
| International Standard Book Number | 9780273755807 (pbk.) |
| 040 ## - CATALOGING SOURCE | |
| Original cataloging agency | DLC |
| Transcribing agency | DLC |
| 082 00 - DEWEY DECIMAL CLASSIFICATION NUMBER | |
| Classification number | 620.136 |
| Edition number | 23 |
| Item number | NEV |
| 100 1# - MAIN ENTRY--PERSONAL NAME | |
| Personal name | Neville, Adam M. |
| 9 (RLIN) | 29028 |
| 245 10 - TITLE STATEMENT | |
| Title | Properties of Concrete / |
| Statement of responsibility, etc | A.M. Neville. |
| 250 ## - EDITION STATEMENT | |
| Edition statement | 5th ed. |
| 260 ## - PUBLICATION, DISTRIBUTION, ETC. (IMPRINT) | |
| Place of publication, distribution, etc | New York : |
| Name of publisher, distributor, etc | Pearson, |
| Date of publication, distribution, etc | 2011. |
| 263 ## - PROJECTED PUBLICATION DATE | |
| Projected publication date | 1109 |
| 300 ## - PHYSICAL DESCRIPTION | |
| Extent | xx, 846 p. : |
| Other physical details | ill. ; |
| Dimensions | 24 cm. |
| 504 ## - BIBLIOGRAPHY, ETC. NOTE | |
| Bibliography, etc | Includes bibliographical references and index. |
| 650 #0 - SUBJECT ADDED ENTRY--TOPICAL TERM | |
| Topical term or geographic name as entry element | Concrete. |
| 9 (RLIN) | 29029 |
| 653 ## - INDEX TERM--UNCONTROLLED | |
| Resource For college | |
| Arrived date list | February2012 |
| 942 ## - ADDED ENTRY ELEMENTS (KOHA) | |
| Source of classification or shelving scheme | Dewey Decimal Classification |
| Item type | Book - Borrowing |
| Withdrawn status | Item status | Source of classification or shelving scheme | Damaged status | Not for loan | Vendor | Home library | Current library | Shelving location | Date acquired | Source of acquisition | Cost, normal purchase price | Serial Enumeration / chronology | Total Checkouts | Total Renewals | Full call number | Barcode | Date last seen | Date last borrowed | Koha item type | Checked out |
|---|---|---|---|---|---|---|---|---|---|---|---|---|---|---|---|---|---|---|---|---|
| Dewey Decimal Classification | Alahram | Central Library | Central Library | First floor | 20/02/2012 | 199.00 | 682 | 2 | 17 | 620.136 NEV | 000026155 | 15/07/2025 | 02/04/2015 | Book - Borrowing | ||||||
| Dewey Decimal Classification | Baccah | Central Library | Central Library | First floor | 29/09/2013 | 199.00 | 620.136 NEV | 000029079 | 15/07/2025 | NB - Book (Non borrowing) | ||||||||||
| Dewey Decimal Classification | Baccah | Central Library | Central Library | First floor | 29/09/2013 | 199.00 | 620.136 NEV | 000029080 | 15/07/2025 | Book - Borrowing | ||||||||||
| Dewey Decimal Classification | Baccah | Central Library | Central Library | First floor | 29/09/2013 | 199.00 | 1 | 620.136 NEV | 000029081 | 11/03/2021 | 11/03/2021 | Book - Borrowing | 10/04/2021 | |||||||
| Dewey Decimal Classification | Baccah | Central Library | Central Library | First floor | 29/09/2013 | 199.00 | 620.136 NEV | 000029082 | 15/07/2025 | Book - Borrowing | ||||||||||
| Dewey Decimal Classification | Baccah | Central Library | Central Library | First floor | 29/09/2013 | 199.00 | 3 | 7 | 620.136 NEV | 000029083 | 15/07/2025 | 03/04/2017 | Book - Borrowing |